| 000 | 01245nam0a2200289 i 4500 | ||
|---|---|---|---|
| 001 | RU\NLR\BIBL_A\010765914 | ||
| 005 | 20260405174632.0 | ||
| 010 |
_a9785295061578 _91000 |
||
| 021 |
_aRU _b2015-28162 _91662 |
||
| 035 | _a(NILC)RuMoRGB-007910580 | ||
| 035 | _a(NLR Aleph) 010765914 | ||
| 090 |
_a10000561 _c10000561 |
||
| 100 | _a20150525d2015 u y0rusy50 ca | ||
| 101 | 0 | _arus | |
| 102 | _aRU | ||
| 105 | _aac||z|||000yb | ||
| 200 | 1 |
_aЗия Нуриев _e[посвящается 100-летию со дня рождения _eсборник _fсост., вступ. ст.: д.ист.н., проф., засл. деят. науки Респ. Башкортостан Ямалов М.Б.] |
|
| 210 |
_aУфа _cКитап _d2015 |
||
| 215 |
_a397, [2] с., [32] л. ил., портр., цв. портр. _cпортр. _d25 |
||
| 600 | 1 |
_aНуриев _bЗ. Н. _f1915 - 2012 _gЗия Нуриевич _92241493 _3RU\NLR\AUTH\6601576315 |
|
| 686 | _aТ3(2)7-8 | ||
| 702 | 1 |
_4220 _8rus _7ca _aЯмалов _bМ. Б. _f1947- _gМарат Барыевич _3RU\NLR\AUTH\7775832 _958760 |
|
| 702 | 1 |
_aНуриев _bЗ. Н. _f1915- _gЗия Нуриевич _4570 |
|
| 801 | 0 |
_aRU _bРГБ _c20150413 _gRCR |
|
| 942 | _cBOOK | ||
| 980 | _aNBR | ||